| 000 | 00492nam a2200181Ia 4500 | ||
|---|---|---|---|
| 008 | 181130s2018 xx 000 0 und d | ||
| 100 | _aHooda, D.S. | ||
| 245 | _aNecessity and challenges of private universities in India | ||
| 260 | _c2018 | ||
| 300 | _ap.3-6. | ||
| 504 | _d7-May | ||
| 650 | _aHigher education - India | ||
| 650 | _aPrivate education | ||
| 650 | _aUniversities - India | ||
| 700 | _aMalik, Satish Kumar | ||
| 773 | _aUniversity News | ||
| 906 | _aPrivate education | ||
| 999 |
_c506326 _d506326 |
||